[Event "Heusenstamm Schloss op"]
[Site "Heusenstamm"]
[Date "2023.11.23"]
[Round "1"]
[White "Ahrends, Norbert"]
[Black "Rohatgi, Kushagra"]
[Result "1-0"]
[WhiteElo "1924"]
[BlackElo "1577"]
[PlyCount "71"]
[EventDate "2023.11.23"]
[EventType "swiss"]
[EventRounds "7"]
[EventCountry "GER"]
[SourceTitle "CB48_2023"]
[SourceDate "2023.11.29"]
[SourceVersion "1"]
[SourceVersionDate "2023.11.29"]
[SourceQuality "1"]

1. d4 d5 2. c4 e6 3. Nc3 Nf6 4. Nf3 c6 5. Bg5 Nbd7 6. e3 Be7 7. Rc1 0-0 8. Be2 dxc4 9. Bxc4 b5 10. Bd3 Bb7 11. 0-0 Rc8 12. a3 h6 13. Bh4 a6 14. b4 Nd5 15. Bg3 Nxc3 16. Rxc3 Nf6 17. Bb1 Bd6 18. Ne5 Qe7 19. Qc2 c5 20. Ng4 Ne4 21. Bxd6 Qxd6 22. bxc5 Qd5 23. f3 Qg5 24. c6 f5 25. fxe4 Qxg4 26. cxb7 Rxc3 27. Qxc3 Qg5 28. exf5 exf5 29. Rxf5 Qe7 30. Rxf8+ Qxf8 31. Qc8 Qxc8 32. bxc8Q+ Kf7 33. Qf5+ Kg8 34. d5 a5 35. d6 Kh8 36. Qh7# 1-0

[Event "Marburg op-A"]
[Site "Marburg"]
[Date "2023.10.27"]
[Round "2"]
[White "Mueller, Riyanna"]
[Black "Rohatgi, Kushagra"]
[Result "1-0"]
[WhiteElo "1778"]
[BlackElo "1629"]
[PlyCount "133"]
[EventDate "2023.10.26"]
[EventType "swiss"]
[EventRounds "7"]
[EventCountry "GER"]
[SourceTitle "CB49_2023"]
[SourceDate "2023.12.06"]
[SourceVersion "1"]
[SourceVersionDate "2023.12.06"]
[SourceQuality "1"]

1. e4 e5 2. Nf3 Nc6 3. Bc4 Nf6 4. d3 Bc5 5. c3 0-0 6. 0-0 d5 7. exd5 Nxd5 8. Re1 Nb6 9. Bb3 h6 10. Bc2 a5 11. Nbd2 Re8 12. Ne4 Bd6 13. Nxd6 Qxd6 14. d4 Bg4 15. Qd3 Qg6 16. Qxg6 fxg6 17. Nxe5 Nxe5 18. Rxe5 Rxe5 19. dxe5 Re8 20. Bf4 Bf5 21. Bb3+ Be6 22. Bxe6+ Rxe6 23. Kf1 Kf7 24. Rd1 Re7 25. b3 g5 26. Bg3 h5 27. h3 a4 28. c4 axb3 29. axb3 Nd7 30. e6+ Kxe6 31. Re1+ Kf7 32. Rxe7+ Kxe7 33. Bxc7 Nc5 34. b4 Nd3 35. b5 Kd7 36. Ba5 Nb2 37. c5 Na4 38. Bb4 b6 39. c6+ Kc7 40. Ke2 Nb2 41. Ke3 Nd1+ 42. Ke2 Nb2 43. f3 Nc4 44. Kd3 Ne5+ 45. Ke4 Nc4 46. Kf5 Ne3+ 47. Kxg5 Nd5 48. Bd2 Kc8 49. Kxh5 Nc7 50. Kg6 Nxb5 51. Kxg7 Nd4 52. f4 b5 53. g4 Nxc6 54. f5 b4 55. f6 b3 56. f7 b2 57. f8Q+ Nd8 58. Qb4 Ne6+ 59. Kf6 Nd4 60. Qxb2 Nb3 61. Qxb3 Kc7 62. Qe6 Kb7 63. Ba5 Ka7 64. Qb6+ Ka8 65. Qb5 Ka7 66. Bc7 Ka8 67. Qb8# 1-0

[Event "Rhein Main op-A 25th"]
[Site "Bad Homburg"]
[Date "2023.06.10"]
[Round "6"]
[White "Rohatgi, Kushagra"]
[Black "Hetz, Jonas"]
[Result "1-0"]
[WhiteElo "1650"]
[BlackElo "1776"]
[PlyCount "77"]
[EventDate "2023.06.07"]
[EventType "swiss"]
[EventRounds "7"]
[EventCountry "GER"]
[SourceTitle "CBM 215 Extra"]
[Source "ChessBase"]
[SourceDate "2023.09.30"]
[SourceVersion "1"]
[SourceVersionDate "2023.09.30"]
[SourceQuality "1"]

1. e4 e5 2. Nf3 Nc6 3. Bc4 Bc5 4. b4 Bxb4 5. c3 Bd6 6. d4 exd4 7. cxd4 Bb4+ 8. Bd2 Bxd2+ 9. Qxd2 Nh6 10. h3 d6 11. Bb3 Bd7 12. 0-0 0-0 13. Re1 Ne7 14. Nc3 Ng6 15. Rad1 Re8 16. Rc1 c6 17. Rb1 Rb8 18. Nd1 b5 19. Nb2 Qc7 20. Rbc1 a5 21. Nd3 a4 22. Bd1 f6 23. Nb4 Rb6 24. Nd5 Qb7 25. Nxb6 Qxb6 26. Qb4 Nf7 27. Bxa4 Nf4 28. Bc2 c5 29. dxc5 dxc5 30. Qd2 Qd6 31. Qxd6 Nxd6 32. Rcd1 Re6 33. e5 fxe5 34. Rxe5 Kf7 35. Ng5+ Kf6 36. Rxe6+ Nxe6 37. Rxd6 Ke7 38. Rxd7+ Kxd7 39. Bf5 1-0

[Event "GER-ch U10"]
[Site "Willingen"]
[Date "2022.06.06"]
[Round "4"]
[White "Rohatgi, Kushagra"]
[Black "Peglau, Paul David"]
[Result "1-0"]
[WhiteElo "1235"]
[BlackElo "1623"]
[PlyCount "55"]
[EventDate "2022.06.04"]
[EventType "swiss"]
[EventRounds "11"]
[EventCountry "GER"]
[SourceTitle "CBM 208 Extra"]
[Source "ChessBase"]
[SourceDate "2022.07.31"]
[SourceVersion "1"]
[SourceVersionDate "2022.07.31"]
[SourceQuality "1"]

1. e4 c6 2. d4 d5 3. exd5 cxd5 4. Bd3 Nc6 5. c3 Nf6 6. Bf4 Bg4 7. Qb3 Qd7 8. Nd2 e6 9. Ngf3 Be7 10. Ne5 Nxe5 11. dxe5 Qc7 12. exf6 Qxf4 13. Qb5+ Kf8 14. fxe7+ Kxe7 15. Qb4+ Qxb4 16. cxb4 Rac8 17. 0-0 Rc6 18. h3 Bh5 19. g4 Bg6 20. Bxg6 hxg6 21. Rac1 Rxh3 22. Rxc6 bxc6 23. Rc1 Kd6 24. Kg2 Rd3 25. Nb3 d4 26. Nc5 Rd2 27. Ne4+ Kd5 28. Nxd2 1-0

[Event "GER-ch U10"]
[Site "Willingen"]
[Date "2022.06.05"]
[Round "1"]
[White "Rohatgi, Kushagra"]
[Black "Meurer, Knut"]
[Result "1-0"]
[WhiteElo "1235"]
[BlackElo "998"]
[PlyCount "77"]
[EventDate "2022.06.04"]
[EventType "swiss"]
[EventRounds "11"]
[EventCountry "GER"]
[SourceTitle "CBM 208 Extra"]
[Source "ChessBase"]
[SourceDate "2022.07.31"]
[SourceVersion "1"]
[SourceVersionDate "2022.07.31"]
[SourceQuality "1"]

1. e4 c5 2. Nf3 d6 3. d4 cxd4 4. Nxd4 Nc6 5. Nc3 Nf6 6. Be2 g6 7. Be3 Bg7 8. 0-0 0-0 9. Nb3 b5 10. Bxb5 Qc7 11. h3 a6 12. Be2 Bb7 13. Bd3 Nb4 14. a3 Nxd3 15. Qxd3 Bc6 16. Rfe1 Qb7 17. Na5 Qc7 18. Nxc6 Qxc6 19. Rad1 Rab8 20. b3 Nd7 21. Nd5 Ne5 22. Nxe7+ Kh8 23. Nxc6 Nxd3 24. Rxd3 Rbc8 25. Nd4 Be5 26. Nf3 Bc3 27. Rxc3 Rxc3 28. Bd4+ Kg8 29. Bxc3 Rc8 30. Bf6 Rxc2 31. Rd1 Rc6 32. Bg5 Rc5 33. Be3 Rc6 34. a4 Rc3 35. b4 Rc4 36. b5 Rxa4 37. b6 Rb4 38. Ra1 Rxe4 39. Rb1 1-0

[Event "Main Vogelsberg op 15th"]
[Site "Waechtersbach"]
[Date "2021.10.03"]
[Round "5.24"]
[White "Hergott, Alexander"]
[Black "Rohatgi, Kushagra"]
[Result "1/2-1/2"]
[WhiteElo "1584"]
[BlackElo "1408"]
[PlyCount "156"]
[EventDate "2021.10.01"]
[EventType "swiss"]
[EventRounds "5"]
[EventCountry "GER"]
[SourceTitle "EXT 2023"]
[Source "ChessBase"]
[SourceDate "2022.10.05"]
[SourceVersion "1"]
[SourceVersionDate "2022.10.05"]
[SourceQuality "1"]

1. c4 e5 2. Nc3 Nf6 3. e4 Nc6 4. d3 Bc5 5. a3 d6 6. Na4 Bb6 7. Nxb6 axb6 8. Ne2 0-0 9. g3 Bg4 10. Qc2 Bf3 11. Rg1 Ng4 12. h3 Nh2 13. Bg2 Bxg2 14. Rxg2 Nf3+ 15. Kf1 Ncd4 16. Qd1 Nxe2 17. Qxe2 Nd4 18. Qd1 c5 19. Be3 Qf6 20. Bxd4 cxd4 21. Kg1 Rfe8 22. Qb3 Qf3 23. a4 Ra6 24. Ra3 h6 25. Kh2 Re6 26. Qc2 Rg6 27. b4 h5 28. a5 h4 29. Rb3 bxa5 30. bxa5 hxg3+ 31. fxg3 Rxa5 32. Rxb7 Ra3 33. Rb3 Rxb3 34. Qxb3 Rh6 35. Qc2 Qg4 36. h4 Rf6 37. Rf2 Rg6 38. Rg2 Qf3 39. Qd2 Rf6 40. Qe2 Qxe2 41. Rxe2 Rf3 42. Rd2 Kh7 43. Kh3 Kh6 44. Kg4 Rf1 45. Rb2 g6 46. Rb6 Rd1 47. Rxd6 Rxd3 48. Rd5 Rc3 49. c5 Rc4 50. Rxe5 d3 51. Kf3 Rd4 52. Rd5 Rc4 53. Ke3 d2 54. Kxd2 Rxe4 55. Kd3 Re8 56. c6 Rc8 57. Rc5 Kg7 58. Ke4 Kf6 59. c7 Ke7 60. Kd5 Kd7 61. Ke5 Rxc7 62. Rxc7+ Kxc7 63. Kf6 Kd7 64. Kxf7 Kd8 65. Kxg6 Ke7 66. Kg7 Ke8 67. h5 Ke7 68. h6 Ke6 69. h7 Ke7 70. h8Q Ke6 71. Qh6+ Kd5 72. Qe3 Kc4 73. Kf6 Kb5 74. Qc3 Kb6 75. Ke5 Kb7 76. Kd6 Kb6 77. Qb4+ Ka7 78. Kc6 Ka8 1/2-1/2

[Event "GER-ch U10"]
[Site "Willingen"]
[Date "2021.08.25"]
[Round "5"]
[White "Rohatgi, Kushagra"]
[Black "Gulamzada, Elmir"]
[Result "1-0"]
[WhiteElo "1473"]
[BlackElo "1342"]
[PlyCount "78"]
[EventDate "2021.08.22"]
[EventType "swiss"]
[EventRounds "11"]
[EventCountry "GER"]
[SourceTitle "EXT 2022"]
[Source "ChessBase"]
[SourceDate "2021.10.06"]
[SourceVersion "1"]
[SourceVersionDate "2021.10.06"]
[SourceQuality "1"]

1. e4 c5 2. Nf3 a6 3. d4 cxd4 4. Nxd4 Nf6 5. Nc3 e5 6. Nf3 Bb4 7. Bd3 d6 8. Bg5 0-0 9. 0-0 b5 10. Nd5 Bc5 11. Bxf6 gxf6 12. Nh4 Kh8 13. Qf3 Nd7 14. Nf5 Nb6 15. Nde7 Bxf5 16. Nxf5 Rg8 17. c3 Nc8 18. Qh5 Qf8 19. b4 Bb6 20. c4 Rg5 21. Qh4 bxc4 22. Bxc4 Ne7 23. Nxd6 Ng6 24. Nxf7+ Qxf7 25. Qxg5 Qxc4 26. Qxf6+ Kg8 27. Qxb6 Qxe4 28. Rfe1 Qf4 29. Qb7 Rf8 30. Qd5+ Kh8 31. Qc5 Rg8 32. g3 Nh4 33. Kf1 Qf3 34. Qxe5+ Rg7 35. gxh4 Qd3+ 36. Re2 Qf3 37. Ke1 Qh1+ 38. Kd2 Qc6 39. Qe8+ Qxe8 1-0